<?xml version='1.0' encoding='UTF-8'?>
  <record xmlns="http://www.loc.gov/MARC21/slim">
    <leader>00000ctm a22000007i 4500</leader>
    <controlfield tag="001">ocn965406430</controlfield>
    <controlfield tag="003">OCoLC</controlfield>
    <controlfield tag="005">20250321015907.3</controlfield>
    <controlfield tag="008">150213q14001500ne            000 0 lat d</controlfield>
    <datafield tag="040" ind1=" " ind2=" ">
      <subfield code="a">QGJ</subfield>
      <subfield code="b">dut</subfield>
      <subfield code="c">QGJ</subfield>
      <subfield code="d">OCLCA</subfield>
      <subfield code="d">OCLCO</subfield>
      <subfield code="d">OCLCL</subfield>
      <subfield code="d">OCLCQ</subfield>
    </datafield>
    <datafield tag="035" ind1=" " ind2=" ">
      <subfield code="a">(OCoLC)965406430</subfield>
    </datafield>
    <datafield tag="100" ind1="1" ind2=" ">
      <subfield code="a">Suso, Henricus,</subfield>
      <subfield code="d">ca. 1295-1366.</subfield>
      <subfield code="1">https://id.oclc.org/worldcat/entity/E39PBJg4pdFy4FfqPfpRDMrH4q</subfield>
    </datafield>
    <datafield tag="245" ind1="1" ind2="0">
      <subfield code="a">Horologium aeternae sapientiae /</subfield>
      <subfield code="c">Henricus Suso.</subfield>
      <subfield code="f">UBU Hs. 291 (Hs 5 E 14).</subfield>
    </datafield>
    <datafield tag="246" ind1="3" ind2=" ">
      <subfield code="a">Horologium sapientiae aeternae</subfield>
    </datafield>
    <datafield tag="260" ind1=" " ind2=" ">
      <subfield code="a">[S.l.],</subfield>
      <subfield code="c">[1400-1500]</subfield>
    </datafield>
    <datafield tag="300" ind1=" " ind2=" ">
      <subfield code="a">214 fol. ;</subfield>
      <subfield code="c">212 x 145 mm.</subfield>
    </datafield>
    <datafield tag="336" ind1=" " ind2=" ">
      <subfield code="a">text</subfield>
      <subfield code="b">txt</subfield>
      <subfield code="2">rdacontent</subfield>
    </datafield>
    <datafield tag="337" ind1=" " ind2=" ">
      <subfield code="a">unmediated</subfield>
      <subfield code="b">n</subfield>
      <subfield code="2">rdamedia</subfield>
    </datafield>
    <datafield tag="338" ind1=" " ind2=" ">
      <subfield code="a">volume</subfield>
      <subfield code="b">nc</subfield>
      <subfield code="2">rdacarrier</subfield>
    </datafield>
    <datafield tag="340" ind1=" " ind2=" ">
      <subfield code="a">papier</subfield>
      <subfield code="k">1 kolom, 32-39 regels, littera hybrida en littera cursiva.</subfield>
    </datafield>
    <datafield tag="500" ind1=" " ind2=" ">
      <subfield code="a">Retro-invoer handschriften UB Utrecht.</subfield>
    </datafield>
    <datafield tag="500" ind1=" " ind2=" ">
      <subfield code="a">Bevat ook: De laudibus beatae Mariae Virginis / Vincentius Bellovacensis ; Invectio Christi in religiosum negligentem.</subfield>
    </datafield>
    <datafield tag="500" ind1=" " ind2=" ">
      <subfield code="a">Kopiïst is Jan de Test van Emmerik.</subfield>
    </datafield>
    <datafield tag="524" ind1=" " ind2=" ">
      <subfield code="a">Te citeren als: Universiteitsbibliotheek Utrecht Hs. 291 (Hs 5 E 14).</subfield>
    </datafield>
    <datafield tag="561" ind1=" " ind2=" ">
      <subfield code="a">Geconfisqueerd ca. 1794 door de Franse bezettingstroepen in Limburg en herontdekt in Maastricht in 1839.</subfield>
    </datafield>
    <datafield tag="581" ind1=" " ind2=" ">
      <subfield code="a">P.A. Tiele, Catalogus codicum manu scriptorum Bibliothecae Universitatis Rheno-Trajectinae. I. Trajecti ad Rhenum / Hagae Comitis 1887. P. 94.</subfield>
    </datafield>
    <datafield tag="581" ind1=" " ind2=" ">
      <subfield code="a">A.J. Flament, Catalogus der Stadsbibliotheek van Maastricht, bewerkt vooral als 'Bibliotheca Limburgensis', I. Maastricht 1888-1894. P. LV nr. 434.</subfield>
    </datafield>
    <datafield tag="581" ind1=" " ind2=" ">
      <subfield code="a">A. Hulshof, Catalogus codicum manu scriptorum Bibliothecae Universitatis Rheno-Traiectinae. II. Traiecti ad Rhenum 1909. P. 38.</subfield>
    </datafield>
    <datafield tag="581" ind1=" " ind2=" ">
      <subfield code="a">J. Deschamps, 'De herkomst van het Leidse handschrift van de Sint-Servatiuslegende van Hendrik van Veldeke', in: Handelingen der Zuidnederlandse Maatschappij voor Taal- en Letterkunde en Geschiedenis 12 (1958). P. 69.</subfield>
    </datafield>
    <datafield tag="581" ind1=" " ind2=" ">
      <subfield code="a">H. Wouters, Catalogus van de tentoonstelling 'Van pen tot pers'. Middeleeuwse handschriften en oude drukken uit Maastricht. Tent. cat. Bonnefantenmuseum. Maastricht 1962. Nr. 34.</subfield>
    </datafield>
    <datafield tag="581" ind1=" " ind2=" ">
      <subfield code="a">J. Deschamps, Middelnederlandse handschriften uit Europese en Amerikaanse bibliotheken. Tentoonstelling ter gelegenheid van het honderdjarig bestaan van de Koninklijke Zuidnederlandse Maatschappij voor Taal- en Letterkunde en Geschiedenis. Leiden 1972. Tweede herziene druk. P. 204, 209, 239 (fol. 1-108).</subfield>
    </datafield>
    <datafield tag="581" ind1=" " ind2=" ">
      <subfield code="a">Monnikenwerk. Tent. cat. Kritzraedthuis, Sittard, 8 dec. 1984 - 6 jan. 1985. Sittard 1984. Nr. 14.</subfield>
    </datafield>
    <datafield tag="581" ind1=" " ind2=" ">
      <subfield code="a">J.M.M. Hermans, 'Elf kisten boeken uit het gouvernementsgebouw te Maastricht. Lotgevallen van de Limburgse handschriften en oude drukken, gevonden in 1839', in: Miscellanea Neerlandica. Opstellen voor Dr. Jan Deschamps ter gelegenheid van zijn zeventigste verjaardag, I. Onder red. van E. Cockx-Indestege &amp; F. Hendrickx. Leuven 1987. P. 121-123, 138.</subfield>
    </datafield>
    <datafield tag="655" ind1=" " ind2="7">
      <subfield code="a">Handschriften (vorm)</subfield>
      <subfield code="0">088143309</subfield>
      <subfield code="2">gtt</subfield>
    </datafield>
    <datafield tag="700" ind1="1" ind2=" ">
      <subfield code="a">Test van Emmerik, Jan de,</subfield>
      <subfield code="d">?-1503.</subfield>
      <subfield code="e">scribe.</subfield>
      <subfield code="4">scr</subfield>
      <subfield code="5">NL-UtRU</subfield>
    </datafield>
    <datafield tag="700" ind1="0" ind2=" ">
      <subfield code="a">Vincentius Bellovacensis.</subfield>
    </datafield>
    <datafield tag="710" ind1="2" ind2=" ">
      <subfield code="a">Beggardenklooster</subfield>
      <subfield code="c">(Maastricht)</subfield>
      <subfield code="e">former owner.</subfield>
      <subfield code="4">fmo</subfield>
      <subfield code="5">NL-UtRU</subfield>
    </datafield>
    <datafield tag="710" ind1="2" ind2=" ">
      <subfield code="a">Gouvernementsgebouw (Maastricht)</subfield>
      <subfield code="e">former owner.</subfield>
      <subfield code="4">fmo</subfield>
      <subfield code="5">NL-UtRU</subfield>
    </datafield>
    <datafield tag="740" ind1="3" ind2=" ">
      <subfield code="a">Pratum florum Virginis Mariae.</subfield>
    </datafield>
    <datafield tag="856" ind1="4" ind2="1">
      <subfield code="u">http://objects.library.uu.nl/reader/resolver.php?obj=002651234&amp;type=2</subfield>
      <subfield code="x">Online</subfield>
      <subfield code="z">Full text</subfield>
    </datafield>
    <datafield tag="936" ind1=" " ind2=" ">
      <subfield code="a">BATCHLOAD</subfield>
    </datafield>
  </record>